A Christmas Carol - Scrooge Actors - Statistics

General Stats
  • This quiz has been taken 44 times
  • The average score is 4 of 16
Answer Stats
Film Actor % Correct
Scrooged (1988) Bill Murray
70%
The Muppets Christmas Carol (1992) Michael Caine
60%
Mickey's Christmas Carol (1983) Scrooge McDuck
47%
A Christmas Carol (Disney, 2009) Jim Carrey
37%
A Sesame Street Christmas Carol (2006) Oscar the Grouch
27%
Bah, Humduck! (2006) Daffy Duck
23%
Spirited (2022) Will Ferrell
23%
A Flintstones Christmas Carol (1994) Fred Flintstone
17%
A Christmas Carol: The Musical (2004) Kelsey Grammer
17%
Batman: Noël (2011) Bruce Wayne
13%
The Man Who Invented Christmas (2017) Christopher Plummer
10%
The Smurfs: A Christmas Carol (2013) Grouchy Smurf
10%
_______ ________'s Christmas Carol (animated, 1962) Mister Magoo
10%
"Don't Be a Dickens at Christmas" (Family Guy, 2017) Peter Griffin
10%
Bugs Bunny's Christmas Carol (1979) Yosemite Sam
10%
A Christmas Carol (BBC, 2019) Guy Pearce
3%
No matching quizzes found
Score Distribution
Percent of People with Each Score
Percentile by Number Answered
Your Score History
You have not taken this quiz